|
|
|
|
| LEADER |
00000nam a22000007i 4500 |
| 001 |
IT\ICCU\BVE\0623053 |
| 003 |
ItRI |
| 005 |
20250107133151.0 |
| 008 |
131002s2013 it |||||| ||||| |||||c |
| 020 |
|
|
|a 9788862597562
|
| 040 |
|
|
|b ita
|c C
|
| 041 |
|
7 |
|a ita
|2 ISO-639-2
|
| 100 |
1 |
|
|a Cerina, Luigi
|0 IT\ICCU\CFIV\132760
|
| 245 |
1 |
0 |
|a Diafano /
|c Luigi Bibi Bitti Cerina Rospini D'Ezzé.
|
| 246 |
1 |
3 |
|a Diafano
|
| 260 |
|
|
|a Macerata :
|b Simple,
|c 2013
|
| 300 |
|
|
|a 199 p. ;
|c 20 cm.
|
| 942 |
|
|
|2 ddc
|c BK
|
| 952 |
|
|
|0 0
|1 0
|2 ddc
|4 0
|6 850_900920000000000_CER_DIA
|7 1
|9 451
|a GE
|b GE
|d 2015-12-17
|l 0
|o 850.90092 CER DIA
|p 3151
|r 2023-12-15 21:48:23
|w 2023-12-15
|y BK
|
| 981 |
|
1 |
|6 z01
|a i
|b xxxe
|
| 982 |
|
1 |
|6 z01
|a n
|
| 999 |
|
|
|c 359
|d 359
|